<The> Economics of Monetary Integration

Saved in:
Bibliographic Details
Main Author: De Grauwe, Paul
Format: Book
Language:English
Published: Oxford Oxford University Press 1994
Edition:2. rev. ed.
Subjects:
Tags: Add Tag
No Tags, Be the first to tag this record!

MARC

LEADER 00000nam a2200000 4500
001 c010362
005 20221205140442.4
020 |a 0-19-877422-2 
041 0 |a eng 
044 |a GB 
245 1 0 |a <The> Economics of Monetary Integration  |c Paul de Grauwe 
250 |a 2. rev. ed. 
264 1 |a Oxford  |b Oxford University Press  |c 1994 
300 |a 226 s. 
610 2 0 |a integrácia 
610 2 0 |a náklady 
610 2 0 |a mena 
610 2 0 |a únie menové 
610 2 0 |a dohody platobné medzinárodné 
610 2 0 |a politika fiškálna 
610 2 0 |a Maastricht 
100 1 |a De Grauwe, Paul